000 00376nam a2200097Ia 4500
008 180130s9999 xx 000 0 und d
245 _cMattmann, Chris A.
_aCultivating a research agenda for data science
260 _c2016
300 _aBook title: Big data analytics : (database management systems)--Acession number C20736; pages 12 - 19
650 _aDATABASE MANAGEMENT SYSTEMS
999 _c354384
_d354384